000 00617nam a2200229Ia 4500
003 OSt
005 20220923214459.0
006 a|||||r|||| 00| 0
007 ta
008 220922b |||||||| |||| 00| 0 hin d
024 _a169,931
037 _cTextual
040 _aARTS
_cARTS
_bhin
041 _2hin
_ahin
082 _aO152:3M978:12, J3
100 _aअहमद अबबझस
245 0 _aअन्धेरा उजाला
246 _aAndherā ujālā
260 _c1953
942 _hO152:3M978:12, J3
_cTEXL
_2CC
999 _c324295
_d324295